The web of life : a new scientific understanding of living systems /

Bibliographic Details
Main Author: Capra, Fritjof
Format: Book
Language:English
Published: New York : Anchor Books, 1996.
Edition:1st Anchor Books ed.
Subjects:

MARC

Tag First Indicator Second Indicator Subfields
LEADER 00000cam a2200000 a 4500
001 in00001392321
005 20151020055934.0
008 960305s1996 nyua b 001 0 eng
010 |a  96012576  
020 |a 0385476752 
035 |a (OCoLC)34513628 
035 |9 AHN5917AM 
040 |a DLC  |c DLC  |d TXA  |d UtOrBLW 
049 |a TXAM 
050 0 0 |a QH501  |b .C375 1996 
082 0 0 |a 574/.01  |2 20 
100 1 |a Capra, Fritjof. 
245 1 4 |a The web of life :  |b a new scientific understanding of living systems /  |c Fritjof Capra. 
250 |a 1st Anchor Books ed. 
264 1 |a New York :  |b Anchor Books,  |c 1996. 
300 |a xv, 347 pages :  |b illustrations ;  |c 22 cm. 
336 |a text  |b txt  |2 rdacontent 
337 |a unmediated  |b n  |2 rdamedia 
338 |a volume  |b nc  |2 rdacarrier 
504 |a Includes bibliographical references (pages [325]-333) and index. 
650 0 |a Life (Biology) 
650 0 |a Biological systems. 
650 0 |a System theory. 
948 |a c:dm 
999 |a MARS 
999 f f |s cbd9cfa8-cf50-3660-bd43-8eca852c9039  |i 4319b3aa-2fe2-3b51-b6e2-c23026a27017  |t 0 
952 f f |p normal  |a Texas A&M University  |b College Station  |c Sterling C. Evans Library  |d Evans: Library Stacks  |t 0  |e QH501 .C375 1996  |h Library of Congress classification  |i unmediated -- volume  |m A14823625088 
998 f f |a QH501 .C375 1996  |t 0  |l Evans: Library Stacks